Statistics for YY's General Knowledge - Multiple Choice #7

Click here to take the quiz!

General Stats

  • This quiz has been taken 585 times
  • The average score is 6 of 15

Answer Stats

QuestionAnswer% Correct
The Bayeux Tapestry depicts events up to and including which battle ?Battle of Hastings
74%
Who stars alongside Humphrey Bogart in the 1951 film "The African Queen" ?Katharine Hepburn
62%
Marco Polo was born in 1254 in which Italian city ?Venice
58%
Cooper Creek is the 6th longest river in which country ?Australia
55%
Skeddan jiarg is a food dish from the Isle of Man, what is it ?Kippers
51%
Abraham Lincoln was born in which state ?Kentucky
49%
Blacksod Lighthouse is off the coast of which European country ?Ireland
48%
The 1984 Winter Olympics were held in which city ?Sarajevo
44%
How many stars are on the flag of Samoa ?Five
36%
The San Jose Earthquakes play which sport ?Soccer
34%
"The Piper at the Gates of Dawn" is the debut album of which British rock band ?Pink Floyd
33%
Phacochoerus africanus is the latin name of which animal ?Common Warthog
32%
Interstate 5 (or I-5) joins which 3 states in the US ?California, Oregon, and Washington
25%
To the nearest 100 mile, how long is the Great Wall of China ?13,200 miles
16%
Which ship recovered the capsule after Apollo 11's mission to the Moon ?USS Hornet
14%

Score Distribution

Percentile by Number Answered

Percent of People with Each Score

Your Score History

You have not taken this quiz